000 01253nam0a22003011 4500
001 rc\2584152
005 20250623121049.0
010 _d1 р. 15 к.
_910000
021 _aRU
_b14935/28 г.
035 _a(NLR Aleph) 006748571
090 _a5720263
_c5720263
100 _a20110914d1929 |||y0rusy50 ca
101 0 _arus
102 _aRU
105 _ay j |||||
200 1 _aКак писать сочинения
_eпособие для учащихся и для самообразования
_eс литературными образцами и практическими упражнениями
_fС. И. Абакумов, А. Б. Шапиро
210 _aЛенинград
_cБрокгауз-Ефрон
_d1929
_g2-я типография Транспечати НКПС
215 _a207 с., [1] с. объявл.
_d18х13
686 0 _aШ141.12-92"1917-1934"21
_2rubbk
700 1 _aАбакумов
_bС.И.
_f1890-1949
_gСергей Иванович
701 1 _aШапиро
_bА. Б.
_f1890-1966
_gАбрам Борисович
_9180139
_3RU\NLR\AUTH\770180190
801 0 _aRU
_bNLR
_gpsbo
801 1 _aRU
_bELAR
_2rusmarc
801 2 _aRU
_bNLR
_c20161101
_2rusmarc
852 _aNLR
_j49/1128
942 _cBOOK
980 _aNB